000 00504nam a22001697a 4500
003 SISC
005 20160318150058.0
008 130903t xxu||||| |||| 00| 0 eng d
050 _aLB 875
_b.D35 1916
082 _aHS 321.4
_bDe51 1966
100 _aDewey, John
_916302
245 _aDemocracy and education :
_ban introduction to the philosophy of education /
_cJohn Dewey.
260 _aNew York :
_bThe Free Press,
_cc1966.
300 _a378 p. :
_c21 cm.
942 _2lcc
_cBK
999 _c10248
_d10248